| 000 | 00000cam 2200000zi 4500 |
| 001 | 9.958348 |
| 003 | CaOODSP |
| 005 | 20260604110506 |
| 006 | m o d f |
| 007 | cr ||||||||||| |
| 008 | 251217e20260304onc ob f000 0 fre d |
| 020 | |a9780660977416 |
| 040 | |aCaOODSP|bfre|erda|cCaOODSP |
| 043 | |an-cn--- |
| 086 | 1 |aH139-98/2026F-PDF |
| 245 | 00|aGUI-0031 : |bbonnes pratiques de fabrication des gaz médicaux. |
| 246 | 13|aBonnes pratiques de fabrication des gaz médicaux |
| 264 | 1|a[Ottawa] : |bSanté Canada = Health Canada,|c4 mars, 2026. |
| 264 | 4|c©2026 |
| 300 | |a1 ressource en ligne (71 pages) |
| 336 | |atexte|btxt|2rdacontent/fre |
| 337 | |ainformatique|bc|2rdamedia/fre |
| 338 | |aressource en ligne|bcr|2rdacarrier/fre |
| 500 | |aPublié aussi en anglais sous le titre : GUI-0031: good manufacturing practices for medical gases. |
| 500 | |a« Remplace: Bonnes pratiques de fabrication des gaz médicaux (GUI-0031), 28 février 2018. » |
| 504 | |aComprend des références bibliographiques (page 71). |
| 650 | 6|aGaz|xEmploi en thérapeutique|zCanada. |
| 650 | 6|aFabrication|zCanada. |
| 710 | 1 |aCanada. |bSanté Canada, |eorganisme de publication. |
| 775 | 08|tGUI-0031 : |w(CaOODSP)9.958347 |
| 856 | 40|qPDF|s636 Ko|uhttps://publications.gc.ca/collections/collection_2026/sc-hc/H139-98-2026-fra.pdf |
| 856 | 4 |qHTML|sN/A|uhttps://www.canada.ca/fr/sante-canada/services/medicaments-produits-sante/conformite-application-loi/bonnes-pratiques-fabrication/documents-orientation/gaz-medicaux.html |
| 986 | |a250404 |